[Event "SR 4. liga A21 2010/2011"]
[Site "?"]
[Date "2011.02.06"]
[Round "8.1"]
[White "Brisudova, Veronika"]
[Black "Kubis, Ivan"]
[Result "0-1"]
[WhiteElo "1797"]
[BlackElo "1980"]
[PlyCount "60"]
[EventDate "2010.??.??"]

1. e4 e5 2. Nf3 Nc6 3. Bc4 Nf6 4. Nc3 Nxe4 5. Nxe4 d5 6. Bxd5 Qxd5 7. Nc3 Qd8
8. O-O Bg4 9. h3 Bh5 10. Re1 Be7 11. Ne4 O-O 12. Ng3 Bg6 13. Nxe5 Nxe5 14. Rxe5
Bf6 15. Re1 Qd5 16. d3 Rfe8 17. Nf1 Bh5 18. g4 Bg6 19. Ng3 c5 20. Rxe8+ Rxe8
21. Qf1 h6 22. Bd2 Bxb2 23. Re1 Rxe1 24. Qxe1 Qxa2 25. f4 Bd4+ 26. Kh2 f6 27.
Nf5 Bf7 28. Nd6 Qxc2 29. Nxf7 Kxf7 30. f5 Be5+ 0-1

[Event "SR 4. liga A21 2010/2011"]
[Site "?"]
[Date "2011.02.06"]
[Round "8.1"]
[White "Danihel, Jozef"]
[Black "Harastova, Viera"]
[Result "0-1"]
[WhiteElo "1552"]
[BlackElo "1823"]
[PlyCount "110"]
[EventDate "2010.??.??"]

1. e4 e5 2. Nf3 Nc6 3. d4 exd4 4. Nxd4 Bc5 5. c3 Qf6 6. Be3 Nge7 7. h3 d6 8. b4
Bb6 9. a4 Bd7 10. Na3 Bxd4 11. Bxd4 Nxd4 12. cxd4 O-O 13. Nc2 Rfe8 14. Bd3 Nd5
15. Qf3 Qxf3 16. gxf3 Nf4 17. Bf1 f5 18. e5 dxe5 19. O-O-O Bxa4 20. Bc4+ Kf8
21. h4 exd4 22. Kb2 d3 23. Bxd3 Nxd3+ 24. Rxd3 Bxc2 25. Kxc2 Re2+ 26. Kc3 Rxf2
27. Rg1 Re8 28. Rg5 g6 29. h5 Re6 30. hxg6 hxg6 31. Rg1 Kf7 32. Rh1 Kf6 33. Rh4
Rfe2 34. f4 R2e4 35. Kb3 Re3 36. Rc3 Rxc3+ 37. Kxc3 Kg7 38. Rh1 Re4 39. Rd1 Kf6
40. Rd7 Re7 41. Rd1 g5 42. fxg5+ Kxg5 43. Rg1+ Kh4 44. Rh1+ Kg3 45. Rg1+ Kf2
46. Rg5 f4 47. Kd3 f3 48. Rg6 Kf1 49. Rh6 f2 50. Kd2 Rd7+ 51. Kc3 b6 52. Re6 a5
53. b5 Rd5 54. Kc4 Rd2 55. Kc3 Re2 0-1

[Event "SR 4. liga A21 2010/2011"]
[Site "?"]
[Date "2011.02.06"]
[Round "8.1"]
[White "Harasta, Juraj"]
[Black "Planka, Peter"]
[Result "1-0"]
[WhiteElo "1706"]
[BlackElo "1798"]
[PlyCount "41"]
[EventDate "2010.??.??"]

1. e4 e5 2. f4 exf4 3. Nf3 d5 4. exd5 Qxd5 5. Nc3 Qe6+ 6. Kf2 Be7 7. d4 Nf6 8.
Bb5+ c6 9. Re1 Ng4+ 10. Kg1 Ne3 11. Bxe3 fxe3 12. Ba4 O-O 13. Bb3 Qh6 14. Qd3
Bd6 15. Rxe3 Bf5 16. Qe2 Nd7 17. g3 Bg4 18. Qf2 Rae8 19. Rae1 Rxe3 20. Rxe3 Nf6
21. Ne5 {time} 1-0

[Event "SR 4. liga A21 2010/2011"]
[Site "?"]
[Date "2011.02.06"]
[Round "8.1"]
[White "Jarabek, Milan"]
[Black "Bartos, Bohumil"]
[Result "1/2-1/2"]
[WhiteElo "1522"]
[BlackElo "1574"]
[PlyCount "24"]
[EventDate "2010.??.??"]

1. d4 Nf6 2. c4 c5 3. Nf3 cxd4 4. Nxd4 b6 5. Bg5 d6 6. Nc3 a6 7. e3 e6 8. Be2
Be7 9. Bf3 Ra7 10. O-O O-O 11. Nc6 Nxc6 12. Bxc6 Rc7 1/2-1/2

[Event "SR 4. liga A21 2010/2011"]
[Site "?"]
[Date "2011.02.06"]
[Round "8.1"]
[White "Kovarik, Oto"]
[Black "Hecko, Dusan"]
[Result "0-1"]
[WhiteElo "2025"]
[BlackElo "2118"]
[Annotator "Fritz 12 (20s)"]
[PlyCount "96"]
[EventDate "2010.??.??"]

{B17: Caro-Kann: Modern Line (4...Nd7)} 1. e4 c6 2. d4 d5 3. Nd2 dxe4 4. Nxe4
Nd7 5. Nf3 Ngf6 6. Nxf6+ Nxf6 7. Bd3 $2 Bg4 8. c3 e6 9. O-O Be7 10. h3 Bh5 11.
Bf4 {N} (11. Be2 O-O 12. Ne5 Bxe2 13. Qxe2 Nd7 14. Bf4 Nxe5 $14) 11... O-O 12.
Be2 c5 13. dxc5 Bxc5 14. Qxd8 Rfxd8 15. Bg5 Be7 16. c4 Kf8 17. g4 Bg6 18. Ne5
Ne4 19. Nxg6+ (19. Be3 $5 $14) 19... hxg6 $11 20. Be3 Bc5 21. Bxc5+ Nxc5 22.
Rfd1 Ke7 23. Rxd8 $2 (23. b4 $5 Ne4 24. Rac1 $11) 23... Rxd8 $15 24. Rd1 Rxd1+
$17 25. Bxd1 {Diagram #} Nd3 26. b3 Kd6 27. Bf3 b6 $19 28. Be4 $2 (28. Bd1 Kc5
$19) 28... Nc1 29. Bb1 Ne2+ 30. Kf1 Nc3 31. Bc2 Nxa2 32. Ke2 g5 33. Ke3 Ke5 34.
h4 $2 {zufalstvo v prehratej pozici} (34. Be4 $142 $19) 34... Nb4 35. Bb1 gxh4
36. f4+ Kd6 37. Kf3 Nc6 38. Ke3 a5 39. Be4 Nb4 40. g5 Na6 41. Kf3 Nc5 42. Bc2
e5 43. f5 e4+ $1 44. Bxe4 Nxe4 45. Kxe4 h3 46. Kf3 h2 47. Kg2 h1=Q+ $1 48. Kxh1
Ke5 0-1

[Event "SR 4. liga A21 2010/2011"]
[Site "?"]
[Date "2011.02.06"]
[Round "8.1"]
[White "Vach, Jozef"]
[Black "Berger, Patrik"]
[Result "0-1"]
[WhiteElo "1900"]
[BlackElo "1720"]
[PlyCount "90"]
[EventDate "2010.??.??"]

1. d4 Nf6 2. Nf3 e6 3. c4 d5 4. Bg5 h6 5. Bh4 Be7 6. Nc3 b6 7. e3 Ba6 8. b3 Bb4
9. Qc2 g5 10. Nxg5 hxg5 11. Bxg5 Nbd7 12. Bd3 Qe7 13. O-O-O Bxc3 14. Qxc3 Qa3+
15. Kb1 dxc4 16. Bxf6 Nxf6 17. Bxc4 Bxc4 18. Qxc4 O-O-O 19. Rc1 Qd6 20. h4 Rd7
21. g3 Qd5 22. Qe2 Ne4 23. Rhg1 Qf5 24. Qc2 Nd2+ 25. Ka1 Qxc2 26. Rxc2 Ne4 27.
f3 Nd6 28. Rh2 Nf5 29. Re2 Rg8 30. h5 Rxg3 31. Rxg3 Nxg3 32. Rh2 f6 33. e4 Rh7
34. h6 Kd7 35. Rg2 Nh5 36. Rg8 Rxh6 37. Kb2 Nf4 38. Rg7+ Kd6 39. e5+ Kc6 40.
Re7 fxe5 41. dxe5 Nd3+ 42. Kc3 Nxe5 43. f4 Kd6 44. Re8 Rh3+ 45. Kd4 Ng6 0-1

[Event "SR 4. liga A21 2010/2011"]
[Site "?"]
[Date "2011.02.06"]
[Round "8.2"]
[White "Bjel, Tomas"]
[Black "Kurinec, Jozef"]
[Result "0-1"]
[WhiteElo "1743"]
[BlackElo "1837"]
[PlyCount "80"]
[EventDate "2010.??.??"]

1. e4 c5 2. Nf3 Nc6 3. d4 cxd4 4. Nxd4 e6 5. Nxc6 bxc6 6. Bd3 d5 7. e5 Qd7 8.
Qe2 Ne7 9. O-O Ng6 10. f4 Bc5+ 11. Kh1 O-O 12. Qh5 Qe7 13. Bd2 f5 14. c4 Ba6
15. Qe2 Rab8 16. b3 Bd4 17. Nc3 Rfd8 18. Rac1 Rd7 19. Na4 Bb6 20. c5 Bxd3 21.
Qxd3 Bd8 22. Qa6 Rc7 23. Ba5 Rcc8 24. Bxd8 Qxd8 25. Qxa7 Rc7 26. Qa5 Qe7 27.
Qc3 Ra7 28. Rc2 Qb7 29. Qb2 Rxa4 30. bxa4 Qxb2 31. Rxb2 Rxb2 32. g3 Rxa2 33.
Rb1 Rxa4 34. Rb6 Ne7 35. Kg2 Rc4 36. Rb8+ Kf7 37. h3 Rxc5 38. g4 Rb5 39. Rh8
fxg4 40. hxg4 h6 0-1

[Event "SR 4. liga A21 2010/2011"]
[Site "?"]
[Date "2011.02.06"]
[Round "8.2"]
[White "Dedacek, Miroslav"]
[Black "Bjel, Lubos"]
[Result "0-1"]
[WhiteElo "1595"]
[BlackElo "1665"]
[PlyCount "124"]
[EventDate "2010.??.??"]

1. e4 e6 2. d4 d5 3. exd5 exd5 4. Nf3 Nf6 5. Bd3 Bd6 6. h3 Be6 7. O-O Nbd7 8.
Be3 Qe7 9. Nbd2 h6 10. Re1 g5 11. Nh2 Bxh2+ 12. Kxh2 Qd6+ 13. g3 O-O-O 14. f4
gxf4 15. Bxf4 Qb6 16. Nb3 Rdg8 17. a4 h5 18. a5 Qb4 19. c3 Qe7 20. Bf5 h4 21.
g4 Qf8 22. Bxe6 fxe6 23. Rf1 Rh7 24. Qe2 Rf7 25. Be5 Nxe5 26. dxe5 Nd7 27. Rxf7
Qxf7 28. Rf1 Qg7 29. Nd4 Qxe5+ 30. Qxe5 Nxe5 31. Nxe6 Re8 32. Rf8 Rxf8 33. Nxf8
Nc4 34. b3 Nxa5 35. b4 d4 36. cxd4 Nc6 37. g5 Nxd4 38. g6 Nf5 39. Ne6 Kd7 40.
g7 Ne7 41. Nf8+ Ke8 42. Ng6 Ng8 43. Nxh4 Kf7 44. Nf5 Kf6 45. Nd4 c6 46. Kg3 Ne7
47. Kg4 Kxg7 48. Nf5+ Nxf5 49. Kxf5 b6 50. Ke6 a5 51. bxa5 bxa5 52. Ke5 Kh6 53.
Kd4 Kh5 54. Kc4 Kh4 55. Kb3 c5 56. Kc4 a4 57. Kc3 Kxh3 58. Kc4 Kg3 59. Kd3 a3
60. Kc3 c4 61. Kc2 Kf3 62. Kb1 c3 0-1

[Event "SR 4. liga A21 2010/2011"]
[Site "?"]
[Date "2011.02.06"]
[Round "8.2"]
[White "Kicinja, Jan"]
[Black "Lajda, Dusan"]
[Result "1-0"]
[WhiteElo "1808"]
[BlackElo "1890"]
[PlyCount "109"]
[EventDate "2010.??.??"]

1. d4 d5 2. c4 c6 3. cxd5 cxd5 4. Nc3 Nc6 5. Bf4 Nf6 6. e3 Bf5 7. Bb5 Rc8 8.
Nf3 a6 9. Bxc6+ Rxc6 10. Ne5 Rc8 11. O-O e6 12. Rc1 Bd6 13. Qa4+ Ke7 14. Qb3 b5
15. Ne2 Qb6 16. a4 Ne4 17. Rfd1 g5 18. Bg3 f6 19. Nd3 Nxg3 20. hxg3 h5 21. axb5
axb5 22. Nb4 Rc4 23. Nd3 Rhc8 24. Ne1 Rxc1 25. Rxc1 Rxc1 26. Nxc1 h4 27. gxh4
Qa5 28. Kf1 gxh4 29. Ncd3 h3 30. gxh3 Bxh3+ 31. Ke2 Bf5 32. Qc3 Qa6 33. Nb4 Qb6
34. Ned3 Bxd3+ 35. Kxd3 Qc7 36. Qxc7+ Bxc7 37. Nc2 e5 38. dxe5 fxe5 39. Kc3
Ba5+ 40. b4 Bb6 41. Na3 d4+ 42. Kd3 dxe3 43. fxe3 Kd6 44. Nxb5+ Kc6 45. Nc3 Bc7
46. Kc4 Bb6 47. b5+ Kd6 48. Nd5 Bd8 49. e4 Ba5 50. Nb4 Bb6 51. Nc6 Bc7 52. Na7
Ba5 53. b6 Bd2 54. Kb5 Bg5 55. Nc6 1-0

[Event "SR 4. liga A21 2010/2011"]
[Site "?"]
[Date "2011.02.06"]
[Round "8.2"]
[White "Madzo, Anton"]
[Black "Forner, Marian"]
[Result "1/2-1/2"]
[WhiteElo "1521"]
[BlackElo "1428"]
[PlyCount "97"]
[EventDate "2010.??.??"]

1. c4 e5 2. Nc3 Bc5 3. Nf3 d6 4. e4 a6 5. d3 h6 6. Be2 Nf6 7. O-O O-O 8. a3 Nc6
9. b4 Ba7 10. Nd5 Nxd5 11. cxd5 Nd4 12. Nxd4 Bxd4 13. Ra2 f5 14. Bb2 Bb6 15.
Kh1 f4 16. d4 Bxd4 17. Bxd4 exd4 18. Qxd4 Bd7 19. a4 c6 20. Ra3 Qf6 21. Qxf6
Rxf6 22. dxc6 Bxc6 23. f3 Kf7 24. a5 Ke7 25. Rc1 g5 26. h3 Ke6 27. Rac3 Ke5 28.
Rxc6 bxc6 29. Rxc6 d5 30. exd5 Rxc6 31. dxc6 Ra7 32. c7 Rxc7 33. Bxa6 Kd6 34.
Bd3 Rc1+ 35. Kh2 Kc7 36. b5 Ra1 37. a6 Kb6 38. h4 Rd1 39. Be4 Rc1 40. Kh3 Rh1+
41. Kg4 Rxh4+ 42. Kf5 Rh2 43. Kg6 Rxg2 44. Kxh6 g4 45. fxg4 Rxg4 46. Kh5 Rg1
47. Kh4 Rg7 48. Bc6 Rg1 49. Kh3 1/2-1/2

[Event "SR 4. liga A21 2010/2011"]
[Site "?"]
[Date "2011.02.06"]
[Round "8.2"]
[White "Selko, Jaroslav"]
[Black "Bajcar, Pavol"]
[Result "0-1"]
[WhiteElo "1414"]
[BlackElo "1523"]
[PlyCount "123"]
[EventDate "2010.??.??"]

1. e4 e6 2. Nc3 d5 3. exd5 exd5 4. Qe2+ Be7 5. h3 Nf6 6. Nf3 O-O 7. Qd3 Re8 8.
Be2 b6 9. O-O Ba6 10. Qf5 Bxe2 11. Nxe2 Qd7 12. Qxd7 Nbxd7 13. d4 h6 14. Ng3
Bd6 15. Nf5 Ne4 16. Nxd6 Nxd6 17. Bf4 Re6 18. Rfe1 Rae8 19. Rxe6 Rxe6 20. Re1
Rxe1+ 21. Nxe1 Ne8 22. Nd3 c5 23. c3 g5 24. Be3 c4 25. Nb4 Nc7 26. Nc6 a6 27.
Ne7+ Kh7 28. g4 Nf8 29. Kg2 Ng6 30. Nxg6 Kxg6 31. f4 gxf4 32. Bxf4 Ne8 33. h4
h5 34. g5 Kf5 35. Kf3 f6 36. gxf6 Nxf6 37. Be3 Nd7 38. Bf4 b5 39. Bc7 Nf8 40.
a3 Ne6 41. Be5 a5 42. Bd6 Nd8 43. Bc7 Nc6 44. Bd6 Ke6 45. Bc5 Ne7 46. Kf4 Nf5
47. Kg5 Ne3 48. Bb6 a4 49. Ba5 Nd1 50. Kxh5 Kf7 51. Kg5 Nxb2 52. h5 Kg7 53. Bb4
Nd3 54. Ba5 Ne1 55. Kf4 Nc2 56. Ke5 Nxa3 57. Kxd5 Nc2 58. Kc5 a3 59. Kxb5 a2
60. Kxc4 a1=Q 61. Kd3 Qxa5 62. Kxc2 0-1

[Event "SR 4. liga A21 2010/2011"]
[Site "?"]
[Date "2011.02.06"]
[Round "8.3"]
[White "Blanarik, Dominik"]
[Black "Diviak, Rudolf"]
[Result "0-1"]
[WhiteElo "1560"]
[BlackElo "1887"]
[PlyCount "62"]
[EventDate "2010.??.??"]

1. e4 e5 2. Nf3 Nc6 3. Bb5 a6 4. Ba4 Nf6 5. O-O b5 6. Bb3 Be7 7. Nc3 d6 8. h3
b4 9. Nd5 Nxe4 10. Re1 Nc5 11. Nxe7 Nxe7 12. Bxf7+ Kxf7 13. Ng5+ Ke8 14. Qf3
Bf5 15. d4 e4 16. Nxe4 Nxe4 17. Rxe4 Bxe4 18. Qxe4 d5 19. Qe5 Qd6 20. Qxg7 Rg8
21. Qxh7 Qg6 22. Qxg6+ Rxg6 23. Bf4 Kd7 24. Re1 Re6 25. Rxe6 Kxe6 26. Bxc7 Rc8
27. Be5 Rxc2 28. h4 Ng6 29. h5 Nxe5 30. dxe5 Kxe5 31. g4 Kf4 0-1

[Event "SR 4. liga A21 2010/2011"]
[Site "?"]
[Date "2011.02.06"]
[Round "8.3"]
[White "Danada, Tomas"]
[Black "Cerovsky, Marian"]
[Result "1/2-1/2"]
[WhiteElo "1838"]
[BlackElo "1783"]
[PlyCount "49"]
[EventDate "2010.??.??"]
[TimeControl "240+2"]

{393MB, Fritz10.ctg} 1. Nf3 d5 2. c4 c6 3. e3 e6 4. b3 Nf6 5. Bb2 Be7 6. g4 O-O
7. g5 Ne4 8. h4 f6 9. Bd3 f5 10. Ne5 Nd7 11. Nxd7 Bxd7 12. f4 Qe8 13. Nc3 Bb4
14. Bxe4 fxe4 15. a3 Bxc3 16. Bxc3 c5 17. Be5 Rc8 18. h5 Rf5 19. Qc2 Qe7 20.
Qc3 b6 21. a4 a5 22. Ke2 Bc6 23. Rag1 Ra8 24. Rh2 Ra7 25. Rhh1 1/2-1/2

[Event "SR 4. liga A21 2010/2011"]
[Site "?"]
[Date "2011.02.06"]
[Round "8.3"]
[White "Hanzalik, Alojz"]
[Black "Ocko, Martin"]
[Result "0-1"]
[WhiteElo "1383"]
[BlackElo "1502"]
[PlyCount "82"]
[EventDate "2010.??.??"]

1. e4 e5 2. c4 Nf6 3. d3 Bc5 4. h3 d6 5. Nf3 Nc6 6. Be2 O-O 7. Nh2 Be6 8. a3
Qd7 9. Bd2 Nd4 10. Nf3 b5 11. b4 Nxf3+ 12. Bxf3 Bd4 13. Bc3 Bxc3+ 14. Nxc3 bxc4
15. Nd5 Bxd5 16. exd5 cxd3 17. Qxd3 Rfe8 18. Be4 Nxe4 19. Qxe4 f5 20. Qc4 a5
21. b5 Rab8 22. a4 e4 23. O-O f4 24. f3 exf3 25. Rxf3 g5 26. Raf1 Rf8 27. h4 h6
28. Qe4 Rbe8 29. Qg6+ Qg7 30. Qxg7+ Kxg7 31. hxg5 hxg5 32. Rc3 Rf7 33. Rfc1
Ree7 34. Rf1 Rf5 35. Rd3 Re4 36. g3 Rxa4 37. Rb3 Rd4 38. Rbf3 Rdxd5 39. gxf4
Rxb5 40. fxg5 Rxf3 41. Rxf3 Rxg5+ 0-1

[Event "SR 4. liga A21 2010/2011"]
[Site "?"]
[Date "2011.02.06"]
[Round "8.3"]
[White "Nemeckay, Rastislav"]
[Black "Sprusansky, Ferdinand"]
[Result "1-0"]
[WhiteElo "1770"]
[BlackElo "1455"]
[PlyCount "35"]
[EventDate "2010.??.??"]

1. e4 e5 2. Nf3 Nc6 3. Bb5 a6 4. Ba4 Nf6 5. O-O b5 6. Bb3 d5 7. exd5 Nxd5 8.
Re1 Qd6 9. d4 Bg4 10. dxe5 Nxe5 11. Qxd5 Bxf3 12. Rxe5+ Be7 13. Qxf3 O-O 14.
Re1 Rad8 15. Bf4 Qb4 16. c3 Qa5 17. Rxe7 c5 18. Bc7 1-0

[Event "SR 4. liga A21 2010/2011"]
[Site "?"]
[Date "2011.02.06"]
[Round "8.4"]
[White "Bango, Dominik"]
[Black "Sadlon, Juraj"]
[Result "0-1"]
[WhiteElo "1258"]
[BlackElo "1873"]
[PlyCount "36"]
[EventDate "2010.??.??"]

1. e4 d5 2. exd5 Nf6 3. Nc3 Nxd5 4. Nf3 Bf5 5. Bc4 Nxc3 6. bxc3 e6 7. Bb2 Nd7
8. O-O Nb6 9. Bb3 Be7 10. h3 c5 11. c4 Bf6 12. c3 Bd3 13. Re1 O-O 14. Ne5 Bxe5
15. Rxe5 Qd6 16. Qh5 g6 17. Rg5 f6 18. Rg3 Qxg3 0-1

[Event "SR 4. liga A21 2010/2011"]
[Site "?"]
[Date "2011.02.06"]
[Round "8.4"]
[White "Kavon, Rastislav"]
[Black "Spacek, Marcel"]
[Result "0-1"]
[WhiteElo "1699"]
[BlackElo "1724"]
[PlyCount "66"]
[EventDate "2010.??.??"]

1. e4 c5 2. Nf3 e6 3. d4 cxd4 4. Nxd4 a6 5. Nc3 Qc7 6. Bd2 Nf6 7. Bd3 b5 8. O-O
Bb7 9. a3 Bc5 10. Nde2 d6 11. b4 Ba7 12. h3 Nbd7 13. Kh1 d5 14. exd5 Nxd5 15.
Nxd5 Bxd5 16. Nf4 Bb7 17. Rc1 Ne5 18. Qe2 Rd8 19. Rfe1 Bb8 20. Kg1 O-O 21. Kf1
Nxd3 22. cxd3 Qd7 23. Red1 Rfe8 24. Be3 e5 25. Nh5 f5 26. Bc5 Qd5 27. f3 f4 28.
d4 Qf7 29. dxe5 Rxd1+ 30. Rxd1 Qxh5 31. e6 Qe5 32. e7 Qxe2+ 33. Kxe2 Bc6 0-1

[Event "SR 4. liga A21 2010/2011"]
[Site "?"]
[Date "2011.02.06"]
[Round "8.4"]
[White "Mackovic, Matus"]
[Black "Spacek, Oliver"]
[Result "1/2-1/2"]
[WhiteElo "1846"]
[BlackElo "1887"]
[PlyCount "31"]
[EventDate "2010.??.??"]

1. e4 c5 2. Nf3 e6 3. c4 Nc6 4. Nc3 Nd4 5. d3 g6 6. Be3 Bg7 7. Bxd4 cxd4 8. Ne2
e5 9. Nd2 d6 10. g3 Be6 11. Bg2 Qd7 12. f4 Nf6 13. h3 Nh5 14. Nf3 f5 15. Ng5
Bg8 16. exf5 1/2-1/2

[Event "SR 4. liga A21 2010/2011"]
[Site "?"]
[Date "2011.02.06"]
[Round "8.4"]
[White "Pericka, Pavol"]
[Black "Lezovic, Martin"]
[Result "1-0"]
[WhiteElo "1729"]
[BlackElo "1516"]
[PlyCount "33"]
[EventDate "2010.??.??"]

1. e4 e5 2. Bc4 Nf6 3. Nf3 Nc6 4. Ng5 d5 5. exd5 Na5 6. d3 Nxd5 7. Qf3 f6 8.
Bxd5 c6 9. Nf7 Bg4 10. Qxg4 Qxd5 11. Nxh8 Qg8 12. b4 Qxh8 13. bxa5 h5 14. Qe6+
Kd8 15. Ba3 Bxa3 16. Nxa3 Kc7 17. Qe7+ 1-0

[Event "SR 4. liga A21 2010/2011"]
[Site "?"]
[Date "2011.02.06"]
[Round "8.4"]
[White "Skapik, Branislav"]
[Black "Jablonicky, Martin"]
[Result "1-0"]
[WhiteElo "1887"]
[BlackElo "1884"]
[PlyCount "37"]
[EventDate "2010.??.??"]

1. e4 c6 2. d4 d5 3. e5 Bf5 4. Nc3 e6 5. g4 Bg6 6. Nge2 Nd7 7. Nf4 Ne7 8. h4 h6
9. Nxg6 Nxg6 10. h5 Ne7 11. f4 Qc7 12. Be3 c5 13. Nb5 Qa5+ 14. Bd2 Qb6 15. Nd6+
Kd8 16. Nxf7+ Kc7 17. Nxh8 c4 18. Be2 Qxd4 19. Ba5+ 1-0

[Event "SR 4. liga A21 2010/2011"]
[Site "?"]
[Date "2011.02.06"]
[Round "8.5"]
[White "Bendzela, Tibor"]
[Black "Oravec, Pavol"]
[Result "0-1"]
[WhiteElo "1463"]
[BlackElo "1373"]
[PlyCount "118"]
[EventDate "2010.??.??"]

1. e4 e6 2. d4 d5 3. e5 c5 4. c3 Nc6 5. Nf3 Qb6 6. a3 c4 7. Be2 Nge7 8. Nbd2
Na5 9. O-O Nec6 10. Rb1 Nb3 11. Nxb3 Qxb3 12. Nd2 Qxd1 13. Bxd1 Bd7 14. f4 g6
15. Nf3 Na5 16. b4 cxb3 17. Bxb3 Nxb3 18. Rxb3 b6 19. Ng5 Rc8 20. Rf3 h6 21.
Nh3 Ba4 22. Rb1 Bc2 23. Ra1 Be7 24. Bd2 Rc4 25. Nf2 O-O 26. Nd3 Rfc8 27. Nb2
R4c7 28. a4 h5 29. Rc1 Be4 30. Rff1 Ba3 31. Rb1 Bxb1 32. Rxb1 Bxb2 33. Rxb2 Rc4
34. Ra2 Kf8 35. Kf2 Ke8 36. Kf3 Kd7 37. h4 Kc6 38. g4 Kb7 39. f5 hxg4+ 40. Kxg4
exf5+ 41. Kg5 R8c6 42. a5 bxa5 43. Rxa5 Kb6 44. Ra1 a5 45. Rb1+ Ka6 46. Ra1 Rb6
47. Be1 a4 48. h5 gxh5 49. Kxf5 Rg6 50. Ra3 Kb5 51. Bh4 Rg4 52. Be7 Rg3 53. Bb4
Rxb4 54. c4+ Rxc4 55. Rxg3 Rxd4 56. Kf6 Rf4+ 57. Kg5 Rg4+ 58. Rxg4 hxg4 59.
Kxg4 a3 0-1

[Event "SR 4. liga A21 2010/2011"]
[Site "?"]
[Date "2011.02.06"]
[Round "8.5"]
[White "Lanik, Miroslav"]
[Black "Bardik, Jozef"]
[Result "1-0"]
[WhiteElo "1871"]
[BlackElo "1844"]
[PlyCount "57"]
[EventDate "2010.??.??"]

1. e4 c6 2. d4 d5 3. e5 Bf5 4. Nf3 e6 5. Be2 c5 6. Be3 c4 7. O-O Nc6 8. Nbd2
Be7 9. c3 h5 10. b3 b5 11. a4 a6 12. axb5 axb5 13. Rxa8 Qxa8 14. Qa1 Qxa1 15.
Rxa1 Bd8 16. Ra8 f6 17. bxc4 bxc4 18. Bd1 Nge7 19. exf6 gxf6 20. Bf4 Bg6 21.
Nh4 e5 22. dxe5 fxe5 23. Bg5 Kf7 24. Ba4 Rg8 25. Nxg6 Nxg6 26. Bxc6 Bxg5 27.
Bxd5+ Ke7 28. Rxg8 Bxd2 29. Rxg6 1-0

[Event "SR 4. liga A21 2010/2011"]
[Site "?"]
[Date "2011.02.06"]
[Round "8.5"]
[White "Orvisky, Vladimir"]
[Black "Palka, Martin"]
[Result "1/2-1/2"]
[WhiteElo "1845"]
[BlackElo "1855"]
[PlyCount "40"]
[EventDate "2010.??.??"]

1. c4 c5 2. Nf3 Nf6 3. Nc3 b6 4. g3 Bb7 5. Bg2 e6 6. O-O Be7 7. d4 cxd4 8. Qxd4
O-O 9. Bf4 d6 10. Qd1 a6 11. Qb3 Nbd7 12. Rfd1 Qc7 13. Rac1 Nc5 14. Qc2 Rac8
15. b3 h6 16. Be3 Rfd8 17. Qd2 Ng4 18. b4 Nxe3 19. Qxe3 Nd7 20. Ne4 Nf6 1/2-1/2

[Event "SR 4. liga A21 2010/2011"]
[Site "?"]
[Date "2011.02.06"]
[Round "8.5"]
[White "Sedlak, Rastislav"]
[Black "Beran, Jan ml"]
[Result "1/2-1/2"]
[WhiteElo "1560"]
[BlackElo "1896"]
[PlyCount "129"]
[EventDate "2010.??.??"]

1. e4 c5 2. Nf3 Nc6 3. d4 cxd4 4. Nxd4 e5 5. Nb3 Nf6 6. Nc3 Bb4 7. Bd3 Bxc3+ 8.
bxc3 d5 9. Nd2 dxe4 10. Bxe4 Nxe4 11. Nxe4 Qxd1+ 12. Kxd1 O-O 13. Ke2 Be6 14.
Be3 b6 15. a3 Bd5 16. f3 f5 17. Nd2 Rfe8 18. c4 Bf7 19. c3 Rad8 20. c5 Na5 21.
Rhd1 e4 22. cxb6 axb6 23. Kf2 exf3 24. gxf3 Rd3 25. Bxb6 Rxd2+ 26. Rxd2 Nc4 27.
Rd8 Nxb6 28. Rxe8+ Bxe8 29. Ke3 Kf7 30. Kd4 Kf6 31. f4 Bf7 32. a4 Nd5 33. a5
Nxf4 34. a6 Ne6+ 35. Kd5 Bh5 36. a7 Nc7+ 37. Kc6 Na8 38. Rf1 Be2 39. Rf2 Bd3
40. Rb2 Ke5 41. Rb4 Be4+ 42. Rxe4+ fxe4 43. Kb7 e3 44. Kxa8 e2 45. Kb7 e1=Q 46.
a8=Q Qh1+ 47. Kb8 Qxa8+ 48. Kxa8 g5 49. Kb7 g4 50. Kb6 h5 51. c4 h4 52. c5 g3
53. hxg3 hxg3 54. c6 g2 55. c7 g1=Q+ 56. Kc6 Qg6+ 57. Kb7 Qe4+ 58. Kb8 Qb4+ 59.
Ka7 Qc5+ 60. Kb7 Qb5+ 61. Ka7 Qc6 62. Kb8 Qb6+ 63. Ka8 Qa6+ 64. Kb8 Qb5+ 65.
Ka7 1/2-1/2

[Event "SR 4. liga A21 2010/2011"]
[Site "?"]
[Date "2011.02.06"]
[Round "8.5"]
[White "Tokos, Rastislav"]
[Black "Matejovic, Ludovit"]
[Result "1-0"]
[WhiteElo "1933"]
[BlackElo "1610"]
[PlyCount "39"]
[EventDate "2010.??.??"]

1. e4 e5 2. Nf3 Nc6 3. Bb5 d6 4. d4 exd4 5. Nxd4 Bd7 6. Bxc6 Bxc6 7. Nxc6 bxc6
8. O-O d5 9. Re1 Be7 10. exd5 cxd5 11. Nc3 c6 12. Be3 Qd6 13. Na4 Kd8 14. Qg4
Qg6 15. Qe2 Qe4 16. Qa6 d4 17. Rad1 c5 18. c3 Qg6 19. Qb7 Rc8 20. Qxa7 1-0

[Event "SR 4. liga A21 2010/2011"]
[Site "?"]
[Date "2011.02.06"]
[Round "8.6"]
[White "Hrubsa, Marian"]
[Black "Slaby, Jozef"]
[Result "0-1"]
[WhiteElo "1979"]
[BlackElo "1865"]
[PlyCount "108"]
[EventDate "2010.??.??"]

1. e4 c6 2. d4 d5 3. Nc3 dxe4 4. Nxe4 Bf5 5. Ng3 Bg6 6. h4 h6 7. h5 Bh7 8. Nf3
e6 9. Bd3 Bxd3 10. Qxd3 Nd7 11. Bf4 Ngf6 12. O-O-O Nd5 13. Bd2 Bd6 14. Ne4 Qc7
15. c4 N5f6 16. g3 Nxe4 17. Qxe4 O-O-O 18. Kb1 Nf6 19. Qc2 c5 20. Qa4 Qc6 21.
Qxc6+ bxc6 22. dxc5 Bxc5 23. Ne5 Rhf8 24. f3 Kb7 25. Bc3 Bd6 26. g4 Bxe5 27.
Bxe5 Kc8 28. Bd6 Rg8 29. Rd3 Rd7 30. Rhd1 a6 31. Ra3 Ra7 32. Bc5 Ra8 33. Rd6
Kc7 34. Rad3 e5 35. Bb4 a5 36. Bc3 Rge8 37. Rd1 Nd5 38. c5 a4 39. Be1 f6 40.
Bg3 a3 41. Rd2 axb2 42. Rxb2 Ra5 43. Bf2 Rea8 44. Re6 Ra3 45. Bg3 Rxf3 46.
Bxe5+ fxe5 47. Rxe5 Rf1+ 48. Kc2 Rf2+ 49. Kc1 Rxb2 50. Kxb2 Kd7 51. Rf5 Ke6 52.
Rf2 Ra5 53. Re2+ Kf6 54. Rf2+ Kg5 0-1

[Event "SR 4. liga A21 2010/2011"]
[Site "?"]
[Date "2011.02.06"]
[Round "8.6"]
[White "Pagac, Robert"]
[Black "Pripko, Bystrik"]
[Result "0-1"]
[WhiteElo "1818"]
[BlackElo "1607"]
[PlyCount "78"]
[EventDate "2010.??.??"]

1. e4 e5 2. Nf3 Nc6 3. Bc4 Bc5 4. d3 d6 5. h3 h6 6. Be3 Bb6 7. O-O Nf6 8. Nc3
O-O 9. Qd2 Nd4 10. Bxd4 exd4 11. Ne2 c5 12. Ng3 Be6 13. Bb3 a5 14. Ba4 Bc7 15.
c4 dxc3 16. Qxc3 b6 17. a3 d5 18. e5 d4 19. Qd2 Nh7 20. Rfe1 Rb8 21. Bb5 Bd5
22. Nh2 Qe7 23. f4 Be6 24. Nf3 f6 25. Ne4 fxe5 26. Nxe5 Bxe5 27. fxe5 Rf5 28.
Nd6 Rg5 29. Bc4 Bxc4 30. Nxc4 Qe6 31. Kh2 Rf8 32. Re4 Rgf5 33. Rae1 Ng5 34. Rg4
Rf2 35. Re2 Nf3+ 36. Kg3 Nxd2 37. Rxf2 Rxf2 38. Kxf2 Nxc4 39. dxc4 Qxc4 0-1

[Event "SR 4. liga A21 2010/2011"]
[Site "?"]
[Date "2011.02.06"]
[Round "8.6"]
[White "Piestansky, Jan"]
[Black "Leska, Marian"]
[Result "1-0"]
[WhiteElo "1587"]
[BlackElo "1701"]
[PlyCount "103"]
[EventDate "2010.??.??"]

1. e4 e6 2. d4 d5 3. exd5 exd5 4. h3 Nf6 5. c3 Be7 6. Nf3 Be6 7. Bd3 h6 8. Bf4
Nbd7 9. Nbd2 c6 10. O-O O-O 11. Bc2 Re8 12. Re1 Nf8 13. Ne5 Bd6 14. Ndf3 N6d7
15. Nxf7 Bxf7 16. Bxd6 Qf6 17. Bxf8 Kxf8 18. Qd3 Bg8 19. Re3 Rxe3 20. Qxe3 Re8
21. Qd2 Bf7 22. Re1 Rxe1+ 23. Qxe1 Bh5 24. Ne5 Be8 25. Qe3 a6 26. Qg3 Nb6 27.
Bg6 Bxg6 28. Nxg6+ Kf7 29. Ne5+ Kg8 30. Qg4 Kh7 31. a3 Na4 32. Nd3 Nb6 33. b3
Qf7 34. Nc5 Qe7 35. Qe6 Qg5 36. Qe3 Qf5 37. Qd3 Kg6 38. Qxf5+ Kxf5 39. f3 Kf4
40. Kf2 Na8 41. Nxb7 Nc7 42. a4 Ne6 43. g3+ Kg5 44. Nc5 Nxc5 45. dxc5 Kf5 46.
Ke3 g6 47. h4 h5 48. Kd4 Ke6 49. b4 Kf5 50. c4 Ke6 51. cxd5+ cxd5 52. g4 1-0

[Event "SR 4. liga A21 2010/2011"]
[Site "?"]
[Date "2011.02.06"]
[Round "8.6"]
[White "Vagovic, Milan"]
[Black "Vepy, Ivan"]
[Result "0-1"]
[WhiteElo "1667"]
[BlackElo "1935"]
[PlyCount "48"]
[EventDate "2010.??.??"]

1. d4 Nf6 2. c4 e6 3. Nf3 Be7 4. Nc3 d5 5. Bg5 O-O 6. e3 b6 7. Bd3 Ba6 8. b3 c5
9. O-O Nc6 10. Re1 Rc8 11. a3 cxd4 12. cxd5 Bxd3 13. Qxd3 dxc3 14. Qxc3 Nxd5
15. Bxe7 Qxe7 16. Qb2 Qf6 17. Qe2 Ne5 18. Nd4 Nc3 19. Qd2 h6 20. Rac1 Ne4 21.
Qe2 Rxc1 22. Rxc1 Qxf2+ 23. Qxf2 Nxf2 24. Kxf2 Nd3+ 0-1